| 000 | 00402pab a2200169 454500 | ||
|---|---|---|---|
| 008 | 180718b2012 xxu||||| |||| 00| 0 eng d | ||
| 100 | _aPrasad, P.M. | ||
| 245 | _aE flows in the Ganga river: A case study of tourism | ||
| 260 | _c2012 | ||
| 300 | _ap.19-33. | ||
| 362 | _aOct-Dec | ||
| 650 | _aTourism | ||
| 650 | _aRivers | ||
| 773 | _aManagement in Government | ||
| 908 | _aN | ||
| 909 | _a98917 | ||
| 999 |
_c98916 _d98916 |
||